| 000 | 01439cam a22003977a 4500 | ||
|---|---|---|---|
| 003 | CHAP | ||
| 005 | 20220329141924.0 | ||
| 008 | 980610d1984 mx r 00110 spa d | ||
| 010 | _a75767 | ||
| 011 | _a76739 | ||
| 035 | _a86326 | ||
| 040 | _cCHAP | ||
| 090 | _aTesis | ||
| 100 | 0 | 0 |
_aSánchez López, Rafael. _9107658 |
| 245 | 1 | 0 |
_aControl del carbón de la espiga (Shacelotheca reiliana) del maíz, mediante tratamiento a la semilla con fungicidas sistémicos en el Valle de Zapopan, Jal. _c/por Rafael Sánchez López |
| 260 |
_aGuadalajara, Jal. : _bEl autor, _c1984. |
||
| 300 |
_a49 h. : _bgráfs. |
||
| 500 | _aFotocopia | ||
| 502 | _aTesis (Ing. Agrónomo) -- Universidad de Guadalajara. Escuela de Agricultura | ||
| 590 |
_aALEPH _b10 _c20130110 _lUCH01 _h1424 |
||
| 590 |
_aBATCH-UPD _b10 _c20130110 _lUCH01 _h0300 |
||
| 590 |
_aBATCH-UPD _b10 _c20130110 _lUCH01 _h1723 |
||
| 590 |
_aBATCH-UPD _b10 _c20130409 _lUCH01 _h2332 |
||
| 590 |
_aBATCH-UPD _b10 _c20130410 _lUCH01 _h1413 |
||
| 590 |
_aBATCH-UPD _b10 _c20130914 _lUCH01 _h1452 |
||
| 590 |
_aCONVERSION _b10 _c20130109 _lUCH01 _h1341 |
||
| 650 | 1 | 4 |
_aFungicidas sistémicos. _944048 |
| 650 | 1 | 4 |
_aMaíz _xEnfermedades. _970939 |
| 650 | 1 | 4 |
_aMaíz _xSemilla. _971059 |
| 650 | 1 | 4 |
_aMaíz _zJalisco. _971096 |
| 650 | 1 | 4 |
_aSphacelotheca reiliana. _9109206 |
| 901 | _aBK | ||
| 905 | _aAlejandra Carrasco M. | ||
| 942 | _cTESIS | ||
| 949 |
_bBC _cTES _d863261 _eTS1 _h32777 _i86326 _sb |
||
| 999 |
_c75767 _d75767 |
||